000 00691nam a2200217 i 4500
001 115470
003 ES-MaACL
005 20250825062601.0
007 t|
008 070309s1928 sp ||||1| spa d
080 _a860-223"19"
100 0 _aAzorín,
_d1873-1967
_924326
245 1 0 _aBrandy, mucho Brandy
_b: sainete sentimental en tres actos /
_cAzorín.
260 _aMadrid :
_bPrensa Moderna,
_c1928.
300 _a48 p. ;
_c17 cm.
490 1 _aEl Teatro moderno ;
_v137
500 _aEstrenado en Madrid, en el Teatro del Centro, el 17 de marzo de 1927.
830 0 3 _aEl teatro moderno (Prensa Moderna)
_v137
_9182365
852 _aES-MaACL
_jC-13040
999 _c115470
_d115470